IMDB En İyi 100 Türk Filmi - Statistics

General Stats
  • This quiz has been taken 61 times
  • The average score is 19 of 100
Answer Stats
# Yıl Yönetmen Film % Correct
1 1975 Ertem Eğilmez Hababam Sınıfı
84%
37 2004 Ömer Faruk Sorak G.O.R.A.
63%
21 2005 Çağan Irmak Babam ve Oğlum
56%
22 2017 Can Ulkay Ayla
44%
4 1975 Ertem Eğilmez Hababam Sınıfı Sınıfta Kaldı
40%
56 2011 Nuri Bilge Ceylan Bir Zamanlar Anadolu'da
39%
29 1996 Yavuz Turgul Eşkıya
39%
62 2006 Zeki Demirkubuz Kader
39%
18 1976 Zeki Ökten Kapıcılar Kralı
37%
14 1077 Zeki Ökten Çöpçüler Kralı
35%
10 1977 Ertem Eğilmez Hababam Sınıfı: Tatilde
35%
5 1978 Orhan Aksoy Neşeli Günler
35%
38 2001 Yılmaz Erdoğan - Ömer Faruk Sorak Vizontele
35%
85 2012 Alper Çağlar Dağ
33%
23 2016 Alper Çağlar Dağ 2
33%
27 1997 Zeki Demirkubuz Masumiyet
33%
3 1976 Ertem Eğilmez Süt Kardeşler
32%
92 2005 Yılmaz Erdoğan Organize İşler
30%
36 2018 Nuri Bilge Ceylan Ahlat Ağacı
28%
90 1978 Osman Seden İnek Şaban
28%
35 2014 Nuri Bilge Ceylan Kış Uykusu
28%
12 1977 Atıf Yılmaz Selvi Boylum Al Yazmalım
28%
46 1982 Şerif Gören Yol
28%
91 2010 Yavuz Turgul Av Mevsimi
26%
11 1978 Atıf Yılmaz Kibar Feyzo
26%
79 2018 Ketche - Can Ulkay Müslüm
26%
2 1976 Kartal Tibet Tosun Paşa
26%
30 1998 Ömer Vargı Her Şey Çok Güzel Olacak
25%
58 1963 Metin Erksan Susuz Yaz
25%
8 1985 Nesli Çölgeçen Züğürt Ağa
25%
57 2007 Ömer Vargı Kabadayı
23%
6 1976 Ertem Eğilmez Hababam Sınıfı Uyanıyor
21%
19 1974 Ertem Eğilmez Köyden İndim Şehire
21%
71 2015 Mahsun Kırmızıgül Mucize
21%
15 1987 Yavuz Turgul Muhsin Bey
21%
73 2018 Ali Atay Ölümlü Dünya
21%
99 2014 Cem Yılmaz Pek Yakında
21%
100 2018 Kıvanç Baruönü Arif V 216
19%
49 1983 Yılmaz Güney Duvar
19%
61 1974 Ertem Eğilmez Mavi Boncuk
19%
40 2011 Çağan Irmak Dedemin İnsanları
18%
16 1977 Ertem Eğilmez Gülen Gözler
18%
95 2006 Ali Taner Baltacı Hokkabaz
18%
33 1979 Natuk Baytan Korkusuz Korkak
18%
64 1981 Natuk Baytan Üç Kağıtçı
18%
86 2002 Nuri Bilge Ceylan Uzak
18%
93 2009 Ömer Faruk Sorak Yahşi Batı
18%
81 1980 Ertem Eğilmez Banker Bilo
16%
43 1982 Sinan Çetin Çiçek Abbas
16%
39 2009 Levent Semerci Nefes: Vatan Sağolsun
16%
41 1977 Natuk Baytan Sakar Şakir
16%
48 1965 Metin Erksan Sevmek Zamanı
16%
97 2008 Nuri Bilge Ceylan Üç Maymun
16%
76 1997 Mustafa Altıoklar Ağır Roman
14%
9 1973 Ertem Eğilmez Canım Kardeşim
14%
32 1981 Kartal Tibet Davaro
14%
60 2005 Yavuz Turgul Gönül Yarası
14%
47 2015 Tolga Karaçelik Sarmaşık
14%
65 2013 Onur Ünlü Sen Aydınlatırsın Geceyi
14%
24 1989 Tunç Başaran Uçurtmayı Vurmasınlar
14%
42 1989 Ertem Eğilmez Arabesk
12%
89 2011 Serdar Akar Behzat Ç.: Seni Kalbime Gömdüm
12%
17 1975 Ergin Orbey Bizim Aile
12%
26 2019 Özer Feyzioğlu Cep Herkülü: Naim Süleymanoğlu
12%
45 1998 Serdar Akar Gemide
12%
77 1996 Derviş Zaim Tabutta Rövaşata
12%
28 2005 Mert Baykal Pardon
11%
7 1977 Ertem Eğilmez Şaban Oğlu Şaban
11%
75 2017 Ozan Açıktan Aile Arasında
9%
84 1979 Osman Seden Bekçiler Kralı
9%
74 2013 Yılmaz Erdoğan Kelebeğin Rüyası
9%
72 2015 Deniz Gamze Ergüven Mustang
9%
82 1976 Natuk Baytan Sahte Kabadayı
9%
54 1983 Atıf Yılmaz Şekerpare
9%
80 2008 Özcan Alper Sonbahar
9%
69 1983 Natuk Baytan Tokatçı
9%
83 1983 Natuk Baytan Yedi Bela Hüsnü
9%
13 1080 Kartal Tibet Zübük
9%
78 1990 Yavuz Turgul Aşk Filmlerinin Unutulmaz Yönetmeni
7%
59 1992 Bay Okan Fikrimin İnce Gülü: Sarı Mercedes
7%
66 2014 Onur Ünlü İtirazım Var
7%
67 2004 Ahmet Uluçay Karpuz Kabuğundan Gemiler Yapmak
7%
34 1984 Ertem Eğilmez Namuslu
7%
55 1974 Ertem Eğilmez Salak Milyoner
7%
68 1987 Nesli Çölgeçen Selamsız Bandosu
7%
31 1978 Zeki Ökten Sürü
7%
53 1990 Melih Gülgen Tatar Ramazan
7%
52 1970 Yılmaz Güney Umut
7%
50 1968 Lütfi Akad Vesikalı Yarim
7%
70 1978 Osman Seden Yüz Numaralı Adam
7%
44 1976 Orhan Aksoy Aile Şerefi
5%
87 1987 Ömer Kavur Anayurt Oteli
5%
63 1993 Yavuz Turgul Gölge Oyunu
5%
94 2011 Tolga Örnek Kaybedenler Kulübü
5%
20 2019 Mehmet Ada Öztekin Koğuştaki Mucize
5%
88 2004 Çağan Irmak Mustafa Hakkında Her Şey
5%
96 2006 Özer Kızıltan Takva
5%
25 2018 Ahmet Katıksız Bizim İçin Şampiyon
4%
51 2008 Tolga Örnek Devrim Arabaları
4%
98 2015 Burak Aksak Bana Masal Anlatma
2%
No matching quizzes found
Score Distribution
Percent of People with Each Score
Percentile by Number Answered
Your Score History
You have not taken this quiz